LIBRARY & INFORMATION CENTRE, KCAET, TAVANUR

ONLINE PUBLIC ACCESS CATALOGUE (OPAC)

Design fabrication and testing of ginner drier (Record no. 15336)

MARC details
000 -LEADER
fixed length control field 00528nam a22001817a 4500
082 ## - DEWEY DECIMAL CLASSIFICATION NUMBER
Classification number 631.56
Item number DEV/DE
100 ## - MAIN ENTRY--AUTHOR NAME
Personal name DEVI, AJAYAMBIKA S. J
245 ## - TITLE STATEMENT
Title Design fabrication and testing of ginner drier
260 ## - PUBLICATION, DISTRIBUTION, ETC. (IMPRINT)
Place of publication Tavanur
Name of publisher Kelappaji College of Agricultural Engineering and Technology
Year of publication 1990
300 ## - PHYSICAL DESCRIPTION
Number of Pages 44
500 ## - GENERAL NOTE
General note project report
520 ## - SUMMARY, ETC.
Summary, etc project report
650 ## - SUBJECT ADDED ENTRY--TOPICAL TERM
Topical Term project report
700 ## - ADDED ENTRY--PERSONAL NAME
Personal name George Philip
700 ## - ADDED ENTRY--PERSONAL NAME
Personal name Joby Bastian
700 ## - ADDED ENTRY--PERSONAL NAME
Personal name Manuel, V. F
942 ## - ADDED ENTRY ELEMENTS (KOHA)
Koha item type Project Report
Holdings
Withdrawn status Lost status Damaged status Home library Current library Date acquired Full call number Accession Number Koha item type
      KAUAET KAUAET 23/11/1990 631.56 DEV/DE 16724 Project Report
free website counter